[Event "V Stadium Casablanca Open"]
[Site "Zaragoza ESP"]
[Date "2011.12.24"]
[Round "2"]
[White "Georgiev,Ki"]
[Black "Castillo Sanjuan,D"]
[Result "1-0"]
[WhiteElo "2666"]
[BlackElo "2047"]

1.d4 Nf6 2.Bg5 d5 3.Bxf6 gxf6 4.e3 Bf5 5.c4 c6 6.Nc3 Qb6 7.Qd2 e6 8.Nf3 Nd7
9.Nh4 Bg6 10.Be2 Bg7 11.O-O O-O 12.Rac1 dxc4 13.Bxc4 Qb4 14.Be2 Rad8 15.Rfd1 Nb6
16.a3 Qe7 17.Qe1 Rfe8 18.b4 a6 19.g3 e5 20.dxe5 fxe5 21.Nxg6 hxg6 22.Ne4 Nd5
23.Bc4 Kh7 24.Bb3 f5 25.Nc5 e4 26.a4 Bb2 27.Rc2 Be5 28.b5 axb5 29.axb5 Rd6
30.Rcc1 Red8 31.bxc6 bxc6 32.Qa5 g5 33.Na4 Qf6 34.Nb6 Nxb6 35.Rxd6 Rxd6 36.Qxb6 f4
37.Qb4 fxe3 38.Qxe4+ Kh6 39.fxe3 Bc3 40.Bc2 Rd7 41.Rf1 Qd6 42.Qf5  1-0

[Event "20th Aschacher Donau"]
[Site "Aschach AUT"]
[Date "2011.12.26"]
[Round "1"]
[White "Ennsberger,U"]
[Black "Koller,Hans-Juergen"]
[Result "0-1"]
[WhiteElo "2373"]
[BlackElo "2052"]

1.d4 Nf6 2.Bg5 c5 3.d5 Ne4 4.Bf4 Qb6 5.Nd2 Nxd2 6.Bxd2 e6 7.Bc3 d6 8.e4 e5
9.a4 Be7 10.a5 Qc7 11.f4 f6 12.f5 g6 13.Bb5+ Bd7 14.Bc4 gxf5 15.Qh5+ Kd8
16.exf5 Qc8 17.g4 Na6 18.Ne2 b5 19.axb6 axb6 20.O-O Nc7 21.Qf7 h5 22.Qg7 Rf8
23.gxh5 Ne8 24.Rxa8 Nxg7 25.Rxc8+ Kxc8 26.Ng3 Rh8 27.Be2 Be8 28.Be1 Nxh5
29.Bxh5 Bxh5 30.Nxh5 Rxh5 31.h4 Bf8 32.c4 Bh6 33.Bg3 Be3+ 34.Kg2 Kb7 35.Kh3 b5
36.b3 b4 37.Kg4 Rh8 38.Kf3 Bh6 39.Bf2 Ra8 40.Kg4 Bf4 41.Kh5 Ra3 42.Kg6 Rxb3
43.h5 Rf3 44.h6 Bxh6 45.Kxh6 Rxf5 46.Kg6 Rf4 47.Kf7 e4 48.Re1 Rxf2 49.Ke6 Kc7
50.Rh1 b3 51.Rh7+ Kb6 52.Kxd6 b2 53.Rh1 Rd2 54.Rh8 e3 55.Rb8+ Ka5 56.Kxc5 Ka4
57.d6 e2 58.Re8 b1=Q  0-1

[Event "Schachtuerken-Cup"]
[Site "Paderborn GER"]
[Date "2011.12.28"]
[Round "4.2"]
[White "Meijers,V"]
[Black "Funke,Martin"]
[Result "1-0"]
[WhiteElo "2478"]
[BlackElo "2195"]

1.d4 Nf6 2.Bg5 d5 3.Bxf6 exf6 4.e3 Be6 5.Nf3 c6 6.Nbd2 Nd7 7.Bd3 Bd6 8.e4 O-O
9.O-O Qb6 10.b3 Bb4 11.c4 Bc3 12.exd5 cxd5 13.Rc1 Bxd4 14.cxd5 Bxd5 15.Nc4 Bxc4
16.Rxc4 Ne5 17.Rxd4 Nxf3+ 18.gxf3 Rfd8 19.Rxd8+ Rxd8 20.Qe2 g6 21.Bc4  1-0

[Event "Hastings Masters 2011-12"]
[Site "Hastings ENG"]
[Date "2011.12.29"]
[Round "2.16"]
[White "Pert,R"]
[Black "Jaunooby,A"]
[Result "1-0"]
[WhiteElo "2455"]
[BlackElo "2144"]

1.d4 Nf6 2.Bg5 c5 3.d5 Ne4 4.Bf4 Qb6 5.Nd2 Nxd2 6.Bxd2 Qxb2 7.e4 g6 8.Rb1 Qf6
9.Nf3 d6 10.Rb3 Bg7 11.Bb5+ Nd7 12.O-O h6 13.Bc3 Qxc3 14.Rxc3 Bxc3 15.e5 a6
16.Bxd7+ Bxd7 17.Qd3 Bxe5 18.Nxe5 dxe5 19.Re1 Bf5 20.Qc3 f6 21.f4 e4 22.Qxc5 Rc8
23.Qb4 b5 24.d6 Rh7 25.Rxe4 Rxc2 26.Rxe7+ Rxe7 27.dxe7 Rc6 28.a4 bxa4 29.Qxa4 Bd7
30.Qe4 f5 31.Qe5 Re6 32.Qg7  1-0

[Event "28th Geneva Open A"]
[Site "Geneva SUI"]
[Date "2011.12.30"]
[Round "7"]
[White "Campora,D"]
[Black "Khenkin,I"]
[Result "1/2-1/2"]
[WhiteElo "2493"]
[BlackElo "2630"]

1.d4 Nf6 2.Bg5 c5 3.Bxf6 gxf6 4.d5 Qb6 5.Qc1 f5 6.e3 Bg7 7.c3 Na6 8.Na3 Nc7
9.Nc4 Qf6 10.d6 exd6 11.Ne2 d5 12.Nd2 d6 13.Nf3 b5 14.Qd2 b4 15.Rc1 bxc3
16.bxc3 Be6 17.g3 O-O 18.Bg2 Rab8 19.O-O Rb6 20.Ne1 Rfb8 21.Nd3 Bh6 22.Ndf4 Qe5
23.Nd3 Qf6 24.Ndf4 Qe5 25.Nd3 Qf6  1/2-1/2

[Event "Cracovia Open A"]
[Site "Krakow POL"]
[Date "2011.12.30"]
[Round "4.23"]
[White "Gbyl,A"]
[Black "Klepaczka,T"]
[Result "1-0"]
[WhiteElo "2247"]
[BlackElo "2166"]

1.d4 Nf6 2.Bg5 g6 3.Bxf6 exf6 4.e3 f5 5.Bd3 Bg7 6.Ne2 b6 7.Nd2 Bb7 8.Nf3 Bxf3
9.gxf3 Qh4 10.c3 O-O 11.f4 Nc6 12.Ng3 Rfe8 13.Qf3 Qg4 14.Qxg4 fxg4 15.f5 Ne7
16.h3 Nd5 17.fxg6 Nxe3 18.gxf7+ Kxf7 19.Kd2 Nd5 20.Bc4 Bh6+ 21.Kd3 c6 22.hxg4  1-0

[Event "Cracovia Open A"]
[Site "Krakow POL"]
[Date "2012.01.02"]
[Round "6.39"]
[White "Gawronski,L"]
[Black "Marek,Mar"]
[Result "0-1"]
[WhiteElo "2072"]
[BlackElo "2151"]

1.d4 Nf6 2.Bg5 g6 3.Bxf6 exf6 4.e3 Bg7 5.c4 O-O 6.Nc3 d6 7.g3 Nd7 8.Bg2 f5
9.Nge2 c6 10.O-O Re8 11.b4 Nb6 12.c5 Nc4 13.cxd6 Qxd6 14.Rb1 g5 15.Qd3 Ne5
16.Qc2 Ng4 17.d5 Qh6 18.h3 Ne5 19.dxc6 bxc6 20.b5 Bd7 21.bxc6 Bxc6 22.Nd4 Bxg2
23.Kxg2 f4 24.exf4 gxf4 25.Nce2 f3+ 26.Nxf3 Nxf3 27.Kxf3 Qh5+ 28.g4 Qd5+
29.Kg3 Rec8 30.Nf4 Be5 31.Qa4 Qc4 32.Qxc4 Rxc4 33.Rb7 Rxf4 34.Kh4 Ra4  0-1

[Event "Hastings Masters 2011-12"]
[Site "Hastings ENG"]
[Date "2012.01.04"]
[Round "8.17"]
[White "Arkell,K"]
[Black "Furman,Bo"]
[Result "0-1"]
[WhiteElo "2418"]
[BlackElo "2280"]

1.d4 Nf6 2.Bg5 c5 3.Bxf6 gxf6 4.c3 Qb6 5.Qd2 f5 6.e3 Bg7 7.Ne2 d6 8.Na3 Nd7
9.Nf4 Nf6 10.Bb5+ Kf8 11.Bd3 e5 12.dxe5 dxe5 13.Ne2 Be6 14.Qc2 e4 15.Bc4 Ng4
16.Bxe6 fxe6 17.Nc4 Qa6 18.Qb3 Ne5 19.Nxe5 Bxe5 20.g4 Rd8 21.gxf5 exf5 22.Rd1 Rxd1+
23.Qxd1 Qd6 24.Qb3 b6 25.Ng3 Bxg3 26.hxg3 h5 27.Qc4 Kg7 28.Qe2 Kg6 29.Kf1 Kg5
30.Rh4 Rh7 31.Kg2 Qd5 32.Qa6 Qd1 33.Qc8 Qd7 34.Qg8+ Qg7 35.Qd8+ Qe7 36.Qd1 Kg6
37.a4 Qd7 38.Qb3 Qf7 39.Qb5 Qd7 40.Qa6 Qb7 41.Qe2 Qd7 42.a5 b5 43.Rh1 Qd3
44.Qxd3 exd3 45.b3 c4 46.bxc4 bxc4 47.Rb1 Rd7 48.Kf3 Rd5 49.e4 Re5 50.exf5+ Kxf5
51.Rb7 Rxa5 52.Rb4 Rd5 53.Rb1 Re5 54.Rh1 Kg5 55.Kg2 Re2 56.Ra1 Rc2 57.Ra5+ Kg6
58.Kf3 Rxc3 59.Ke3 Rc2 60.Ra6+ Kf5 61.Ra5+ Kg4 62.f3+ Kxg3 63.Rg5+ Kh4 64.Rg1 d2  0-1

[Event "17th Bosnjaci Open"]
[Site "Bosnjaci CRO"]
[Date "2012.01.06"]
[Round "5.3"]
[White "Martinovic,Sa"]
[Black "Kovacevic,Sr"]
[Result "1/2-1/2"]
[WhiteElo "2505"]
[BlackElo "2078"]

1.d4 Nf6 2.Bg5 d5 3.Bxf6 exf6 4.e3 Bd6 5.Bd3 Nc6 6.c3 Ne7 7.Nd2 c6 8.Qc2 g6
9.Ne2 Bf5 10.e4 dxe4 11.Nxe4 Bxe4 12.Bxe4 Qa5 13.O-O O-O 14.c4 Rad8 15.Rfd1 Qc7
16.g3 f5 17.Bf3 Qb8 18.Rab1 h5 19.b4 h4 20.Kg2 Kg7 21.b5 c5 22.dxc5 Bxc5
23.Qc3+ Kg8 24.gxh4 b6 25.h5 Bd6 26.Qf6 Kh7 27.Nd4 Be5 28.Qxe7 Bxd4 29.hxg6+ Kxg6
30.Rxd4 Rxd4 31.Rg1 Qd6 32.Kh1+ Kh7 33.Qg5 Qg6 34.Qe3 Qf6 35.Rg5 Rh4 36.Bd5  1/2-1/2

[Event "TCh-AUT 2 Ost 2011-12"]
[Site "Vienna AUT"]
[Date "2012.01.14"]
[Round "5"]
[White "Kreindl,H"]
[Black "Wolfram,B"]
[Result "1/2-1/2"]
[WhiteElo "2201"]
[BlackElo "2199"]

1.d4 Nf6 2.Bg5 c5 3.Bxf6 gxf6 4.d5 Qb6 5.Qc1 Bh6 6.e3 f5 7.g3 d6 8.Bg2 Nd7
9.Ne2 Bg7 10.Nbc3 Nf6 11.O-O e5 12.dxe6 fxe6 13.e4 fxe4 14.Qg5 O-O 15.Nxe4 Nxe4
16.Bxe4 d5 17.Bg2 Qxb2 18.Qd2 Qb4 19.c3 Qc4 20.f4 Bd7 21.f5 Rad8 22.Kh1 Bc8
23.Rf4 Bh6 24.Rxc4 Bxd2 25.Rxc5 Rxf5 26.Bh3 Rf6 27.Nf4 b6 28.Rc7 Rf7 29.Rxc8 Rxc8
30.Bxe6 Rxc3 31.Nxd5 Rc1+ 32.Rxc1 Bxc1 33.Kg2 Kf8 34.Bxf7 Kxf7 35.Kf3 Bd2  1/2-1/2

[Event "TCh-CZE Liga1 Vychod"]
[Site "Czech Rep CZE"]
[Date "2012.01.15"]
[Round "6"]
[White "Kourek,J"]
[Black "Dawidow,J"]
[Result "1-0"]
[WhiteElo "2136"]
[BlackElo "2272"]

1.d4 Nf6 2.Bg5 c5 3.d5 Qb6 4.Nc3 Qxb2 5.Bd2 Qb6 6.e4 e5 7.Rb1 Qd8 8.f4 d6
9.fxe5 dxe5 10.Nf3 Bd6 11.Bd3 Nbd7 12.O-O a6 13.a4 Nh5 14.Ng5 Nf4 15.Nxf7 Kxf7
16.g3 Qg5 17.Kh1 Rf8 18.gxf4 exf4 19.e5 Bxe5 20.Ne4 Qh4 21.Rg1 Nf6 22.Ng5+ Kg8
23.Nf3 Qh5 24.Rg5 Qh6 25.Rxe5 Ng4 26.Re2 Ne3 27.Bxe3 fxe3 28.Rg2 Qf4 29.Ng5 h6
30.Ne6 Bxe6 31.dxe6 b5 32.Qh5 Qf6 33.Qg6 Qxg6 34.Bxg6 Rf4 35.e7  1-0

[Event "TCh-CZE Liga 1 Zapad"]
[Site "Czech Rep CZE"]
[Date "2012.01.15"]
[Round "6.3"]
[White "Vavra,P1"]
[Black "Svoboda,S"]
[Result "1-0"]
[WhiteElo "2389"]
[BlackElo "2285"]

1.d4 Nf6 2.Bg5 g6 3.Bxf6 exf6 4.e3 Bg7 5.g3 f5 6.Bg2 c5 7.Ne2 Qb6 8.Nbc3 Nc6
9.Nd5 Qa5+ 10.c3 d6 11.Qd2 cxd4 12.exd4 Be6 13.Nef4 Rc8 14.O-O O-O 15.Rfe1 Rfe8
16.Re2 Bd7 17.Ne3 Nd8 18.Bd5 Bh6 19.Nc4 Qc7 20.Rxe8+ Bxe8 21.Re1 Ne6 22.Rxe6 fxe6
23.Nxe6 Bxd2 24.Nxc7+ Kf8 25.Ne6+ Ke7 26.Nxd2  1-0

[Event "50th TCh-DEN XtraCon 2011-12"]
[Site "Denmark DEN"]
[Date "2012.01.15"]
[Round "5.2"]
[White "Nilssen,J"]
[Black "Andersen,Mad"]
[Result "0-1"]
[WhiteElo "2378"]
[BlackElo "2398"]

1.d4 Nf6 2.Bg5 c5 3.Bxf6 gxf6 4.d5 Qb6 5.Qc1 f5 6.c3 Bg7 7.g3 d6 8.Bh3 e6
9.Nf3 Nd7 10.Na3 Nf6 11.Nc4 Qc7 12.Qg5 O-O 13.Ne3 b5 14.O-O Bb7 15.a4 a6
16.dxe6 fxe6 17.axb5 axb5 18.Rxa8 Bxa8 19.Qf4 Ne4 20.Ra1 Bc6 21.Ng5 Nxg5
22.Qxg5 Kh8 23.Bg2 d5 24.Nc2 Ra8 25.Qe3 Rxa1+ 26.Nxa1 Qd6 27.Nb3 d4 28.cxd4 Bxg2
29.Kxg2 c4 30.Na1 Bxd4 31.Qd2 Qd5+ 32.f3 Bg7 33.Qa5 Bxb2 34.Nc2 h6 35.Ne3 Qd7
36.Qb4 Bg7 37.Nxc4 bxc4 38.Qxc4 Qd5 39.Qc8+ Kh7 40.Qc2 h5 41.Kh3 Qd4 42.Qc8 Qe3
43.Qc4 Kh6 44.Kg2 Bd4 45.Kh3 Kg5 46.Qc7 Qf2 47.Qd8+ Bf6 48.f4+ Kg6 49.Qg8+ Kh6
50.Qf8+ Bg7 51.Qe7 Qxe2 52.Qg5+ Kh7 53.Qe7 Qg4+ 54.Kg2 Qg6 55.Kf3 Qf6 56.Qe8 Kh6
57.Kg2 Bf8 58.Kh3 Qe7 59.Qc8 Kg6 60.Kg2 Bg7 61.Qc6 Bf6 62.Qa8 Qd8 63.Qa6 Qd5+
64.Kh3 Qf3 65.Qc4 Kh6 66.Qa2 h4 67.Qb1 Qg4+ 68.Kg2 h3+  0-1

[Event "56th ch-BLR w 2012"]
[Site "Minsk BLR"]
[Date "2012.01.15"]
[Round "6.4"]
[White "Eidelson,R"]
[Black "Revo,T"]
[Result "0-1"]
[WhiteElo "2236"]
[BlackElo "2066"]

1.d4 Nf6 2.Bg5 g6 3.Bxf6 exf6 4.e3 d5 5.Nf3 Bg7 6.c4 c6 7.cxd5 Qxd5 8.Nc3 Qd8
9.Bc4 O-O 10.O-O f5 11.Re1 Nd7 12.Qc2 Nf6 13.Rad1 Nd5 14.Bxd5 cxd5 15.Qb3 Be6
16.Qxb7 Qd6 17.Qb5 Rab8 18.Qe2 f4 19.e4 dxe4 20.Nxe4 Qb4 21.b3 Rbd8 22.Qd2 Qa3
23.Re2 Bd5 24.Qxf4 Rfe8 25.Rde1 Bxe4 26.Rxe4 Rxe4 27.Qxe4 Qxa2 28.Qh4 Rb8
29.Ng5 Qxb3 30.Qxh7+ Kf8 31.Qh4 Qb4 32.Qe4 Bxd4 33.h4 Kg7 34.h5 Bxf2+ 35.Kxf2 Qd2+
36.Re2 Qxg5 37.hxg6 Qxg6 38.Qxg6+ Kxg6 39.Ra2 Rb7 40.Ke3 Kf5 41.Ra4 Ke5 42.Ra5+ Kd6
43.Kd4 Kc6 44.Kc4 Re7 45.Ra6+ Kb7 46.Rf6 Rc7+ 47.Kb5 Kc8 48.g4 Kd8 49.g5 Ke7
50.Kb4 Rb7+ 51.Kc5 Rb6 52.Rf5 Kf8 53.Rf1 Rg6 54.Rf5 Kg7 55.Kd4 Ra6 56.Kc3 Kg6
57.Rc5 Ra1 58.Kd2 a5 59.Ke2 Ra2+ 60.Kf1 a4 61.Ra5 a3 62.Kg1 Kh5 63.Kf1 Kg4
64.Ke1 Ra1+ 65.Kf2 Kh3 66.Ra8 Kg4 67.Ra5 Ra2+ 68.Kf1 Kg3 69.g6 fxg6 70.Rg5+ Kf3
71.Kg1 Rb2  0-1

[Event "20th Fajr Open"]
[Site "Tabriz IRI"]
[Date "2012.01.15"]
[Round "5.5"]
[White "Azaladze,S"]
[Black "Golizadeh,A"]
[Result "1/2-1/2"]
[WhiteElo "2403"]
[BlackElo "2464"]

1.d4 Nf6 2.Bg5 d5 3.Nf3 Ne4 4.Bf4 c5 5.c3 Nc6 6.e3 Qb6 7.Qb3 c4 8.Qc2 Bf5
9.Qc1 e6 10.Nbd2 Qd8 11.h3 b5 12.Be2 Bd6 13.Bxd6 Qxd6 14.O-O O-O 15.Nh4 Qe7
16.Nxf5 exf5 17.b3 Rfc8 18.Nxe4 fxe4 19.bxc4 bxc4 20.f3 f5 21.fxe4 Qxe4 22.Bf3 Qe6
23.Be2 Qe4 24.Bf3 Qe6 25.Be2 Qe4 26.Bf3 Qe6  1/2-1/2

[Event "11th Prague Open A"]
[Site "Prague CZE"]
[Date "2012.01.16"]
[Round "4"]
[White "Constantinou,Pe"]
[Black "Cherednichenko,E"]
[Result "1-0"]
[WhiteElo "2274"]
[BlackElo "2113"]

1.d4 Nf6 2.Bg5 d5 3.e3 e6 4.Nd2 Be7 5.Bd3 Nbd7 6.f4 b6 7.Ngf3 Bb7 8.Ne5 a6
9.Qf3 h6 10.Bxf6 Nxf6 11.O-O O-O 12.g4 Bd6 13.Rf2 c5 14.c3 Qe7 15.Raf1 Nh7
16.Qg3 Bxe5 17.fxe5 Ng5 18.Rf4 g6 19.Rf6 Nh7 20.Qh4 Rfe8 21.Qxh6 Qf8 22.Qh4 Bc6
23.Rxf7  1-0

[Event "10th Parsvnath Open"]
[Site "New Delhi IND"]
[Date "2012.01.20"]
[Round "8.44"]
[White "Hoang Thanh Trang"]
[Black "Alpysbayeva,A"]
[Result "1-0"]
[WhiteElo "2435"]
[BlackElo "1991"]

1.d4 Nf6 2.Bg5 d5 3.Bxf6 exf6 4.e3 Bd6 5.g3 c6 6.Bg2 Qb6 7.b3 Bf5 8.Ne2 Bb4+
9.c3 Bd6 10.O-O Nd7 11.c4 c5 12.Bxd5 h5 13.Nbc3 h4 14.Bg2 Bg4 15.Qd3 hxg3
16.Qe4+ Be6 17.hxg3 O-O-O 18.d5 Bh3 19.Bxh3 Rxh3 20.Kg2 Rh5 21.Rh1 Rg5 22.f4 Rg6
23.Rh3 a6 24.Rah1 Kb8 25.Rh8 Nf8 26.Qf5 Qa5 27.Kf3 Qa3 28.Ne4 Bc7 29.d6 Bb6
30.Qd5 Qxa2 31.Qxf7  1-0

[Event "TCh-AUT 1st Bundesliga 2012"]
[Site "Baden AUT"]
[Date "2012.01.21"]
[Round "2.6"]
[White "Lendwai,R"]
[Black "Penz,H"]
[Result "1-0"]
[WhiteElo "2395"]
[BlackElo "2349"]

1.d4 Nf6 2.Bg5 c5 3.d5 e6 4.Nc3 exd5 5.Nxd5 Be7 6.Nxe7 Qxe7 7.c4 O-O 8.Bf4 d5
9.cxd5 Qe4 10.Bg3 Rd8 11.f3 Qb4+ 12.Qd2 Qxd2+ 13.Kxd2 Nxd5 14.e4 Nb4+ 15.Kc3 Be6
16.a3 N4c6 17.Nh3 Nd4 18.Nf4 Bb3 19.a4 f6 20.Bc4+ Bxc4 21.Kxc4 Nbc6 22.Nd5 b6
23.Rad1 Kf7 24.Rd2 Rac8 25.Rhd1 Rd7 26.b4 Ne6 27.b5 Na5+ 28.Kc3 c4 29.Bf2 Nb3
30.Ra2 Nbc5 31.a5 Nf4 32.axb6 Nxd5+ 33.Rxd5 Rxd5 34.exd5 axb6 35.Ra7+ Kf8
36.d6 Rd8 37.Bxc5 bxc5 38.b6 Rb8 39.Kxc4 Rxb6 40.Ra8+ Kf7 41.d7  1-0

[Event "Gibraltar Open"]
[Site "Caleta ENG"]
[Date "2012.01.24"]
[Round "1.71"]
[White "Becker,Ca"]
[Black "Agrest,I"]
[Result "0-1"]
[WhiteElo "2001"]
[BlackElo "2189"]

1.d4 Nf6 2.Bg5 c5 3.Bxf6 gxf6 4.c3 Qb6 5.Qb3 cxd4 6.Qxb6 axb6 7.cxd4 Nc6
8.e3 e5 9.Nc3 Bb4 10.Ne2 O-O 11.O-O-O d6 12.a3 Bxc3 13.Nxc3 exd4 14.exd4 Bf5
15.Bd3 Bxd3 16.Rxd3 Rfe8 17.Nd5 Re2 18.Nxb6 Rd8 19.Rf1 d5 20.Re3 Nxd4 21.Rxe2 Nxe2+
22.Kc2 Nf4 23.g3 Ne6 24.a4 Kg7 25.b4 Nd4+ 26.Kc3 Nf3 27.Rd1 d4+ 28.Kc4 d3
29.a5 d2 30.Kb5 Nd4+ 31.Kc5 Ne2 32.Nc4  0-1

[Event "15th Metropolitan IM"]
[Site "Los Angeles USA"]
[Date "2012.01.25"]
[Round "1"]
[White "Duckworth,W"]
[Black "Sevillano,E"]
[Result "0-1"]
[WhiteElo "2313"]
[BlackElo "2490"]

1.d4 Nf6 2.Bg5 d5 3.Bxf6 exf6 4.e3 Bd6 5.Bd3 c6 6.c3 a5 7.Nd2 g6 8.Ne2 Nd7
9.h3 h5 10.Qc2 f5 11.O-O-O Nf6 12.Kb1 Be6 13.f3 Qe7 14.Rhe1 O-O 15.e4 fxe4
16.fxe4 dxe4 17.Nxe4 Nxe4 18.Bxe4 Rae8 19.Nc1 Qg5 20.Re2 Re7 21.Rf1 Rfe8
22.Bd3 Bd5 23.Ref2 Bg3 24.Rf6 Re1 25.Bxg6 R8e2 26.Bxf7+ Bxf7 27.Rxf7 Rxc2
28.Rf8+ Kg7  0-1

[Event "17th HIT Open A"]
[Site "Nova Gorica SLO"]
[Date "2012.01.27"]
[Round "1"]
[White "Rozic,V"]
[Black "Leonardi,Caterina"]
[Result "1-0"]
[WhiteElo "2258"]
[BlackElo "1811"]

1.d4 Nf6 2.Bg5 g6 3.Bxf6 exf6 4.e3 Bg7 5.c4 O-O 6.Nc3 c6 7.g3 d6 8.Bg2 Bd7
9.Nge2 Na6 10.O-O Rb8 11.Qd2 Nc7 12.Nf4 b5 13.cxb5 Nxb5 14.Nxb5 Rxb5 15.Rfc1 Qb6
16.b3 Rd8 17.Bf1 Rb4 18.Nd3 Rb5 19.Nb2 Rh5 20.Be2 Rh6 21.Bf3 c5 22.dxc5 dxc5
23.Rd1 Bf8 24.Nc4 Qe6 25.Bg2 Be7 26.Qa5 a6 27.Qc7 Kf8 28.Nb6 Ke8 29.Nxd7  1-0

[Event "Gibraltar Open"]
[Site "Caleta ENG"]
[Date "2012.01.28"]
[Round "5.57"]
[White "Bellon Lopez,JuM"]
[Black "Hallerod,R"]
[Result "1-0"]
[WhiteElo "2422"]
[BlackElo "2124"]

1.d4 Nf6 2.Bg5 d5 3.Bxf6 gxf6 4.e3 Bf5 5.Bd3 Qd7 6.c4 Bxd3 7.Qxd3 dxc4 8.Qxc4 Qc6
9.Qxc6+ Nxc6 10.Nc3 O-O-O 11.a3 f5 12.Nf3 Bg7 13.Ng5 Rdf8 14.g3 h6 15.Nf3 e6
16.Rc1 Kb8 17.Ke2 Ne7 18.Rc2 Rd8 19.Rhc1 Bf6 20.b4 h5 21.h4 Rh6 22.Na4 c6
23.Nc5 f4 24.gxf4 Nf5 25.b5 Ne7 26.bxc6 Nxc6 27.Nxb7 Nxd4+ 28.Nxd4 Kxb7 29.Rb1+ Ka8
30.Nb5 a6 31.Nc7+ Ka7 32.Rc6 Rd3 33.Kxd3  1-0

[Event "TCh-CAT 2012"]
[Site "Catalunya ESP"]
[Date "2012.01.28"]
[Round "1.9"]
[White "Ibanez Terradellas,E"]
[Black "Bru Rullo,L"]
[Result "1-0"]
[WhiteElo "2300"]
[BlackElo "2020"]

1.d4 d5 2.Bg5 Nf6 3.Bxf6 exf6 4.e3 Bd6 5.Nd2 c6 6.g3 Be6 7.Ne2 O-O 8.Bg2 f5
9.O-O Nd7 10.Rc1 Nf6 11.c4 Ne4 12.c5 Bc7 13.Nc3 Qg5 14.b4 h5 15.a4 Qh6 16.Nf3 g5
17.b5 h4 18.bxc6 bxc6 19.Ne5 hxg3 20.fxg3 Bxe5 21.dxe5 Kg7 22.Bxe4 dxe4 23.Ne2 g4
24.Nf4 Rfd8 25.Qc2 Kg8 26.Rfd1 Bd5 27.Qc3 Rab8 28.Rd2 Qf8 29.Rcd1 Qe7 30.Nxd5 Rxd5
31.Rxd5 cxd5 32.Rxd5 Rb1+ 33.Kg2 Qb7 34.c6 Qb2+ 35.Qxb2 Rxb2+ 36.Kf1 Rc2
37.Rd8+ Kg7 38.Rc8 Rc5 39.c7 a5 40.Ke2 Rc2+ 41.Kd1 Rc5 42.Kd2 Rc6 43.Ra8 Rxc7
44.Rxa5 Kf8 45.Rb5 Rc4 46.a5 Ke7 47.a6 Ra4 48.Rb7+ Ke6 49.a7 Kxe5 50.Kc3 f6
51.Kb3 Ra1 52.Kc4 Kd6 53.Rf7 Ke6 54.Rh7 Kd6 55.Kb5 Rb1+ 56.Ka6 Ra1+ 57.Kb7 Rb1+
58.Kc8  1-0

[Event "TCh-CZE Liga1 Vychod"]
[Site "Czech Rep CZE"]
[Date "2012.01.28"]
[Round "9.8"]
[White "Silar,Lu"]
[Black "Lys,J"]
[Result "0-1"]
[WhiteElo "2154"]
[BlackElo "2184"]

1.d4 Nf6 2.Bg5 c5 3.Bxf6 gxf6 4.d5 Qb6 5.Qc1 Bg7 6.Nc3 f5 7.e3 e6 8.dxe6 fxe6
9.Be2 O-O 10.Nf3 Qb4 11.O-O Bxc3 12.bxc3 Qxc3 13.a4 Nc6 14.Ra3 Qf6 15.Bb5 Ne7
16.a5 e5 17.Qa1 e4 18.Ne5 d6 19.Nd7 Qxa1 20.Rfxa1 Rd8 21.Nf6+ Kf7 22.Nh5 Be6
23.Be2 Rac8 24.Rb1 Rc7 25.Nf4 Bc8 26.c4 Rc6 27.h4 Ra6 28.Bh5+ Kf6 29.f3 Ke5
30.Bf7 b6 31.Nh5 exf3 32.gxf3 d5 33.cxd5 Rxa5 34.Rxa5 bxa5 35.Nf4 Rf8 36.Be6 Bxe6
37.dxe6 Nd5 38.Nd3+ Kd6 39.Rc1 Rc8 40.e4 fxe4 41.fxe4 Ne7 42.Kf2 c4 43.Nf4 Ng6
44.Nd5 Kxe6 45.Ke3 Ne7 46.Nf4+ Ke5 47.Rc3 Rc6 48.h5 a4 49.Ne2 Nc8 50.Nd4 Rc5
51.Nf3+ Kd6 52.Kd4 Nb6 53.e5+ Kc6 54.h6 Rd5+ 55.Ke4 Kc5 56.Ng5 Rd4+ 57.Kf5 Rh4
58.Nf7 Nd5 59.Rc1 Rf4+ 60.Ke6 c3 61.Ng5 Rh4 62.Nxh7 Rxh6+ 63.Nf6 Kc4 64.Kf5 Ne7+
65.Kg5 Rh2 66.Ng4 Rg2 67.Kf4 Nc8 68.Kf3 Rb2 69.e6 a3 70.Ne5+ Kb3 71.Ke4 Ne7
72.Nf3 a2 73.Nd4+ Kc4 74.Ra1 Rd2 75.Ke5 Rxd4 76.Rxa2 Nc6+ 77.Kf6 Kb3 78.Ra6 Rc4  0-1

[Event "Moscow Open Women 2012"]
[Site "Moscow RUS"]
[Date "2012.01.28"]
[Round "1.9"]
[White "Galojan,L"]
[Black "Xu Huahua"]
[Result "1/2-1/2"]
[WhiteElo "2366"]
[BlackElo "2134"]

1.d4 Nf6 2.Bg5 g6 3.Bxf6 exf6 4.g3 Bg7 5.Bg2 d5 6.e3 O-O 7.Ne2 Be6 8.O-O Nd7
9.c4 c6 10.cxd5 Bxd5 11.Bxd5 cxd5 12.Nbc3 Nb6 13.Qb3 Qd7 14.Qb5 Qxb5 15.Nxb5 a6
16.Nbc3 Rfd8 17.Rfc1 Bf8 18.Rc2 Bb4 19.Rac1 Bxc3 20.Rxc3 Rac8 21.Rc7 Rxc7
22.Rxc7 Rd7 23.Rxd7 Nxd7  1/2-1/2

[Event "TCh-CZE Liga 1 Zapad"]
[Site "Czech Rep CZE"]
[Date "2012.01.29"]
[Round "7.6"]
[White "Prymula,R"]
[Black "Pesout,J"]
[Result "1-0"]
[WhiteElo "2255"]
[BlackElo "2249"]

1.d4 Nf6 2.Bg5 g6 3.Nd2 d5 4.c3 Bg7 5.e3 O-O 6.Bd3 b6 7.Qe2 Bb7 8.f4 Ne4
9.Bh4 Nd7 10.Nh3 Ndf6 11.Bxf6 Nxf6 12.Nf2 e6 13.g4 Nd7 14.h4 f5 15.g5 c5
16.h5 Re8 17.Bb5 a6 18.Bxd7 Qxd7 19.Nf3 c4 20.Nh3 Qe7 21.O-O-O Kf7 22.Ne5+ Bxe5
23.fxe5 Rg8 24.Nf4 Rg7 25.Rdg1 Ke8 26.hxg6 hxg6 27.Rh6 Qf7 28.Rgh1 Kd7 29.Qg2 Rag8
30.Rh8 Bc6 31.R1h6 Rxh8 32.Rxh8 Rh7 33.Rxh7 Qxh7 34.Qh3 Qxh3 35.Nxh3 Ke7
36.Nf4 Be8 37.b3 b5 38.Kb2 Kf7 39.a4 cxb3 40.a5  1-0

[Event "TCh-CZE Liga1 Vychod"]
[Site "Czech Rep CZE"]
[Date "2012.01.29"]
[Round "7"]
[White "Vyskocil,N"]
[Black "Havlik,Ja1"]
[Result "1/2-1/2"]
[WhiteElo "2308"]
[BlackElo "2343"]

1.d4 Nf6 2.Bg5 g6 3.Bxf6 exf6 4.e3 d5 5.Nf3 c6 6.c4 Be6 7.Qb3 Nd7 8.Nc3 dxc4
9.Bxc4 Bxc4 10.Qxc4 f5 11.O-O Bg7 12.b4 a6 13.Qb3 O-O 14.Na4 Qe7 15.Nc5 a5
16.a3 axb4 17.axb4 b6 18.Nxd7 Qxd7 19.Rxa8 Rxa8 20.Rc1 f4 21.h3 fxe3 22.Qxe3 Rd8  1/2-1/2

[Event "TCh-HUN 2011-12"]
[Site "Kecskemet HUN"]
[Date "2012.01.29"]
[Round "5"]
[White "Brandics,J"]
[Black "Dombai,I"]
[Result "1/2-1/2"]
[WhiteElo "2308"]
[BlackElo "2157"]

1.d4 Nf6 2.Bg5 d5 3.Bxf6 exf6 4.e3 Bd6 5.c4 dxc4 6.Bxc4 O-O 7.Nf3 c5 8.dxc5 Bxc5
9.Qxd8 Rxd8 10.a3 Be6 11.Nbd2 Bxc4 12.Nxc4 b5 13.Ncd2 Nd7 14.Ke2 Ne5 15.Nb3 Bb6
16.Nbd4 Nxf3 17.Nxf3 Kf8 18.Rhd1 Ke7 19.Nd4 Bxd4 20.Rxd4 Rdc8 21.Kd2 Rc7
22.Rc1 Rxc1 23.Kxc1 Rc8+ 24.Kb1 Ke6 25.b3 f5 26.Kb2 a5 27.h3 h5 28.h4 g6
29.Rd2 Rc5 30.f4 Rc7 31.Rd8 b4 32.axb4 axb4 33.Rb8 Rc3 34.Rxb4 Rxe3 35.Rd4 Re2+
36.Kc3 Rxg2 37.b4 g5 38.fxg5 Ke5 39.Rd7 Rg3+ 40.Kc4 Rg4+ 41.Kc5 Rxh4 42.Rxf7 Rg4
43.b5 Rxg5 44.b6 Rg1 45.Rh7 Rc1+ 46.Kb5 Rb1+ 47.Kc6 Rc1+ 48.Kd7 Rb1 49.Kc7 Rc1+
50.Kd8 Rb1  1/2-1/2

[Event "ch-TUR 2012"]
[Site "Kemer TUR"]
[Date "2012.01.29"]
[Round "1"]
[White "Aydin,Tuncay"]
[Black "Ali Marandi,C"]
[Result "0-1"]
[WhiteElo "1717"]
[BlackElo "2292"]

1.d4 d5 2.Bg5 Nf6 3.Nd2 g6 4.e3 Bg7 5.Bd3 O-O 6.f4 c5 7.c3 Qb6 8.Rb1 cxd4
9.exd4 Nh5 10.Ne2 f6 11.Bh4 Qe6 12.Bf2 Nxf4 13.Bb5 Nxg2+ 14.Kf1 Ne3+ 15.Bxe3 Qxe3
16.Rg1 Bh6 17.Ke1 Bg5 18.Nf1 Bh4+ 19.Ng3 f5 20.Qd2 Qxd2+ 21.Kxd2 f4 22.Nh5 f3
23.Nef4 f2 24.Rg2 Kh8 25.Rxg6 Bf5 26.Bd3 hxg6 27.Bxf5 Rxf5 28.Nxg6+ Kh7 29.Nxh4 Rxh5  0-1

[Event "15th Metropolitan IM"]
[Site "Los Angeles USA"]
[Date "2012.01.29"]
[Round "8"]
[White "Duckworth,W"]
[Black "Akopyan,H"]
[Result "1-0"]
[WhiteElo "2313"]
[BlackElo "2279"]

1.d4 Nf6 2.Bg5 d5 3.Nc3 Nbd7 4.Nf3 c6 5.Qd3 g6 6.e4 dxe4 7.Nxe4 Bg7 8.O-O-O O-O
9.Kb1 Nxe4 10.Qxe4 Nf6 11.Qh4 Be6 12.Ne5 Nd5 13.Nc4 b5 14.Ne3 f6 15.Bh6 Nxe3
16.fxe3 Qd5 17.b3 Bf5 18.Bxg7 Kxg7 19.Qf2 a5 20.Bd3 Bxd3 21.Rxd3 a4 22.b4 a3
23.Rb3 Ra4 24.Rd1 e5 25.Qf3 e4 26.Qg3 Rf7 27.Kc1 Rd7 28.Qe1 Qc4 29.Qc3 Rda7
30.Kd2 Kf7 31.Qxc4+ bxc4 32.Rbb1 Ke6 33.Kc3 Kd5 34.b5 Rc7 35.bxc6 Rxc6 36.Rb7 f5
37.g3 g5 38.Rb5+ Kd6 39.Rxf5  1-0

[Event "17th HIT Open A"]
[Site "Nova Gorica SLO"]
[Date "2012.01.29"]
[Round "5"]
[White "Rozic,V"]
[Black "Matijevic,Filip"]
[Result "1-0"]
[WhiteElo "2258"]
[BlackElo "2044"]

1.d4 Nf6 2.Bg5 g6 3.Bxf6 exf6 4.e3 Bg7 5.g3 O-O 6.Bg2 f5 7.Ne2 d6 8.c4 Nd7
9.Nbc3 c6 10.O-O Re8 11.b4 Nf6 12.Qd3 Bd7 13.Rab1 Qc7 14.Rfd1 a5 15.b5 h5
16.Rb2 Rab8 17.Rdb1 Kh7 18.Qc2 Rec8 19.b6 Qd8 20.Rd1 Ra8 21.Nf4 Ra6 22.Qb1 Qe7
23.Qc2 Re8 24.Nd3 Ne4 25.c5 d5 26.Nf4 Nf6 27.Rb3 Bh6 28.Rbb1 h4 29.Qd3 Raa8
30.Qf1 Ng4 31.Re1 Bg7 32.Ncxd5 cxd5 33.Nxd5 Qg5 34.h3 Nf6 35.gxh4 Qxh4 36.Nxf6+ Qxf6
37.Bxb7 Bc6 38.Bxc6 Qxc6 39.Qg2 Re4 40.b7 Rb8 41.Rb6 Qc7 42.Reb1 Bf8 43.a4 Be7
44.R1b3 Kg7 45.Qg3 f4 46.Qg2 Re6 47.Rxe6 fxe6 48.Rb6 fxe3 49.fxe3 Bf6 50.Qf3 Rf8
51.Kg2 Rb8 52.Rxe6 Bh4 53.Rb6 Bd8 54.Qe4 Qf7 55.Qe5+ Kh7 56.Qxb8 Qd5+ 57.Kg1 Qg5+
58.Kf1 Qf5+ 59.Qf4 Qxh3+ 60.Ke2 Qg2+ 61.Kd3  1-0